| 000 | 00668nam a22001697a 4500 | ||
|---|---|---|---|
| 003 | OSt | ||
| 005 | 20260422030216.0 | ||
| 008 | 260422b |||||||| |||| 00| 0 eng d | ||
| 040 |
_aDWCL-Main lib _cOC |
||
| 082 | _aCirc. 248 C245s 2002 | ||
| 100 | _aFR. Carter, Edward S.J. | ||
| 245 |
_aShepherds of Christ spirituality newsletters 2 : _bselected writings on spirituality - for all people - as published in "Shepherds of Christ" newsletter for priests, volume 2/ _cFR. Carter, Edward S.J. |
||
| 260 |
_aIndiana : _bShepherds of Christ Publicatioons, _cc2002 |
||
| 300 |
_axii, 277 pages. ; _c21 cm. |
||
| 650 | _aSpirituality | ||
| 942 |
_2ddc _cBK-CIRC _hCirc. _n0 |
||
| 999 |
_c9655 _d9655 |
||